[Event "IPCA Wch 14th"]
[Site "Apatin"]
[Date "2014.09.17"]
[Round "2"]
[White "Tocklin, Tomi"]
[Black "Aristov, Pavel"]
[Result "1-0"]
[WhiteElo "1859"]
[BlackElo "1552"]
[PlyCount "47"]
[EventDate "2014.09.16"]
[EventType "swiss"]
[EventRounds "9"]
[EventCountry "SRB"]
[SourceTitle "CBM 162 Extra"]
[Source "ChessBase"]
[SourceDate "2014.10.17"]
[SourceVersion "1"]
[SourceVersionDate "2014.10.17"]
[SourceQuality "1"]

1. e4 c6 2. d4 d5 3. exd5 cxd5 4. c4 Nf6 5. Nc3 Nc6 6. Bg5 dxc4 7. d5 Ne5 8. Nf3 Bg4 9. Qa4+ Bd7 10. Qd1 Bg4 11. Be2 Bxf3 12. gxf3 Qb6 13. Qa4+ Nfd7 14. Qb5 Rc8 15. Qxb6 Nxb6 16. Be3 Ned7 17. 0-0-0 g6 18. Bd4 f6 19. f4 Bg7 20. Bg4 Rd8 21. Be6 Nf8 22. Nb5 Nxd5 23. Bxd5 a6 24. Nc3 1-0

[Event "IPCA Wch-A 13th"]
[Site "Velke Losiny"]
[Date "2013.06.19"]
[Round "3"]
[White "Aristov, Pavel"]
[Black "Strakos, Jiri"]
[Result "0-1"]
[WhiteElo "1666"]
[BlackElo "1894"]
[PlyCount "80"]
[EventDate "2013.06.18"]
[EventType "swiss"]
[EventRounds "9"]
[EventCountry "CZE"]
[SourceTitle "CBM 155 Extra"]
[Source "ChessBase"]
[SourceDate "2013.08.26"]
[SourceVersion "1"]
[SourceVersionDate "2013.08.26"]
[SourceQuality "1"]

1. e4 d6 2. d4 Nf6 3. Nc3 c6 4. Nf3 Bg4 5. Be2 e6 6. 0-0 Be7 7. e5 dxe5 8. dxe5 Qxd1 9. Rxd1 Nd5 10. Nxd5 cxd5 11. Bb5+ Nc6 12. Rd3 0-0 13. Bxc6 bxc6 14. Nd4 Rfc8 15. Be3 c5 16. Nb5 a6 17. Nd6 Bxd6 18. exd6 d4 19. Bf4 f6 20. Re1 e5 21. Bd2 Rd8 22. Rb3 Rxd6 23. Rb7 Rd7 24. Rb6 Kf7 25. Rc6 Rb7 26. b3 Rc8 27. Rxa6 c4 28. h3 Bf5 29. Rc1 c3 30. Be1 Rd7 31. b4 d3 32. cxd3 c2 33. Ra3 Bxd3 34. Rc3 Rxc3 35. Bxc3 Bg6 36. Bb2 Rd1+ 37. Kh2 Ke6 38. Kg3 Kd5 39. b5 Kc5 40. a4 Kb4 0-1